|
|
|
|
| LEADER |
00000nab a2200000 a 4500 |
| 001 |
vtls010078087 |
| 003 |
SK-MaSNL |
| 005 |
20260303050511.0 |
| 008 |
140422c2010 xo |r|||||||||000 b|slo |
| 015 |
|
|
|a SNBRB2010/03
|2 snkbucl
|
| 038 |
|
|
|a SNKBUCL
|
| 040 |
|
|
|a SNKBUCL
|b slo
|c SNKBUCL
|e AACR2
|
| 041 |
0 |
|
|a slo
|
| 044 |
|
|
|a xo
|c SK
|
| 080 |
|
|
|a 821.162.4-84
|2 2001
|
| 100 |
1 |
|
|a Páleník, Jozef,
|d 1954-
|4 aut
|9 132325
|
| 245 |
1 |
0 |
|a Zopár
|c Jozef Páleník
|
| 500 |
|
|
|a Blok obsahuje 10 aforizmov
|
| 650 |
0 |
7 |
|a aforizmy, slovenské
|2 snkbucl
|9 28617
|
| 773 |
0 |
|
|t Literárny (dvoj)týždenník
|g Roč. XXIII, č. 3-4 (2010), s. 16
|x 0862-5999
|
| 852 |
|
|
|a SNK
|b KIS3GCP
|
| 958 |
|
|
|a LX
|
| 958 |
|
|
|a SK
|
| 999 |
|
|
|c 1707721
|d 1709651
|